<?xml version="1.0" encoding="UTF-8"?>
<record
    xmlns:xsi="http://www.w3.org/2001/XMLSchema-instance"
    xsi:schemaLocation="http://www.loc.gov/MARC21/slim http://www.loc.gov/standards/marcxml/schema/MARC21slim.xsd"
    xmlns="http://www.loc.gov/MARC21/slim">

  <leader>01968nam2a22003011  4500</leader>
  <controlfield tag="001">rc\4214615</controlfield>
  <controlfield tag="005">20260406105056.0</controlfield>
  <datafield tag="021" ind1=" " ind2=" ">
    <subfield code="a">RU</subfield>
    <subfield code="b">[46-2724]</subfield>
  </datafield>
  <datafield tag="035" ind1=" " ind2=" ">
    <subfield code="a">(NLR Aleph) 008211220</subfield>
  </datafield>
  <datafield tag="090" ind1=" " ind2=" ">
    <subfield code="a">8097829</subfield>
    <subfield code="c">8097829</subfield>
  </datafield>
  <datafield tag="100" ind1=" " ind2=" ">
    <subfield code="a">20130415d1946    |||y0rusy50      ca</subfield>
  </datafield>
  <datafield tag="101" ind1="0" ind2=" ">
    <subfield code="a">rus</subfield>
  </datafield>
  <datafield tag="102" ind1=" " ind2=" ">
    <subfield code="a">RU</subfield>
  </datafield>
  <datafield tag="105" ind1=" " ind2=" ">
    <subfield code="a">y   z   |||||</subfield>
  </datafield>
  <datafield tag="200" ind1="1" ind2=" ">
    <subfield code="a">&#x41E;&#x442;&#x434;&#x435;&#x43B;&#x435;&#x43D;&#x438;&#x435; &#x441;&#x442;&#x440;&#x443;&#x43D;&#x43D;&#x44B;&#x445; &#x438;&#x43D;&#x441;&#x442;&#x440;&#x443;&#x43C;&#x435;&#x43D;&#x442;&#x43E;&#x432;</subfield>
    <subfield code="f">[&#x420;&#x430;&#x437;&#x440;&#x430;&#x431;. &#x43F;&#x440;&#x43E;&#x444;&#x435;&#x441;&#x441;&#x43E;&#x440;&#x430; &#x41C;&#x43E;&#x441;&#x43A;. &#x433;&#x43E;&#x441;. &#x43A;&#x43E;&#x43D;&#x441;&#x435;&#x440;&#x432;&#x430;&#x442;&#x43E;&#x440;&#x438;&#x438; &#x438;&#x43C;. &#x41F;.&#x418;. &#x427;&#x430;&#x439;&#x43A;&#x43E;&#x432;&#x441;&#x43A;&#x43E;&#x433;&#x43E; &#x41A;.&#x413;. &#x41C;&#x43E;&#x441;&#x442;&#x440;&#x43E;&#x432;, &#x421;.&#x41C;. &#x41A;&#x43E;&#x437;&#x43E;&#x43B;&#x443;&#x43F;&#x43E;&#x432;&#x44B;&#x43C;, &#x410;.&#x424;. &#x413;&#x435;&#x434;&#x438;&#x43A;&#x435; &#x438; &#x434;&#x440;.]</subfield>
  </datafield>
  <datafield tag="210" ind1=" " ind2=" ">
    <subfield code="a">&#x41C;&#x43E;&#x441;&#x43A;&#x432;&#x430;</subfield>
    <subfield code="a">&#x41B;&#x435;&#x43D;&#x438;&#x43D;&#x433;&#x440;&#x430;&#x434;</subfield>
    <subfield code="c">&#x418;&#x441;&#x43A;&#x443;&#x441;&#x441;&#x442;&#x432;&#x43E;</subfield>
    <subfield code="d">1946</subfield>
    <subfield code="g">&#x442;&#x438;&#x43F;. "&#x41A;&#x440;. &#x43F;&#x435;&#x447;&#x430;&#x442;&#x43D;&#x438;&#x43A;" &#x432; &#x41C;.</subfield>
  </datafield>
  <datafield tag="215" ind1=" " ind2=" ">
    <subfield code="a">85 &#x441;.</subfield>
    <subfield code="d">20</subfield>
  </datafield>
  <datafield tag="461" ind1=" " ind2="0">
    <subfield code="1">001rc\4214613</subfield>
    <subfield code="1">2001#$a&#x423;&#x447;&#x435;&#x431;&#x43D;&#x44B;&#x435; &#x43F;&#x440;&#x43E;&#x433;&#x440;&#x430;&#x43C;&#x43C;&#x44B; &#x434;&#x43B;&#x44F; &#x43C;&#x443;&#x437;&#x44B;&#x43A;&#x430;&#x43B;&#x44C;&#x43D;&#x44B;&#x445; &#x443;&#x447;&#x438;&#x43B;&#x438;&#x449;$e&#x423;&#x442;&#x432;. &#x413;&#x423;&#x423;&#x417; &#x41A;&#x43E;&#x43C;-&#x442;&#x430; &#x43F;&#x43E; &#x434;&#x435;&#x43B;&#x430;&#x43C; &#x438;&#x441;&#x43A;&#x443;&#x441;&#x441;&#x442;&#x432; &#x43F;&#x440;&#x438; &#x421;&#x41D;&#x41A; &#x421;&#x421;&#x421;&#x420;$e&#x412;&#x44B;&#x43F;. 1-$f&#x41A;&#x43E;&#x43C;. &#x43F;&#x43E; &#x434;&#x435;&#x43B;&#x430;&#x43C; &#x438;&#x441;&#x43A;&#x443;&#x441;&#x441;&#x442;&#x432; &#x43F;&#x440;&#x438; &#x421;&#x41D;&#x41A; &#x421;&#x421;&#x421;&#x420;. &#x413;&#x43B;. &#x443;&#x43F;&#x440;. &#x443;&#x447;&#x435;&#x431;. &#x437;&#x430;&#x432;&#x435;&#x434;&#x435;&#x43D;&#x438;&#x439;$v&#x412;&#x44B;&#x43F;. 2</subfield>
    <subfield code="9">8097818</subfield>
    <subfield code="c">&#x41C;&#x43E;&#x441;&#x43A;&#x432;&#x430;</subfield>
    <subfield code="d">1946</subfield>
    <subfield code="f">&#x41A;&#x43E;&#x43C;. &#x43F;&#x43E; &#x434;&#x435;&#x43B;&#x430;&#x43C; &#x438;&#x441;&#x43A;&#x443;&#x441;&#x441;&#x442;&#x432; &#x43F;&#x440;&#x438; &#x421;&#x41D;&#x41A; &#x421;&#x421;&#x421;&#x420;. &#x413;&#x43B;. &#x443;&#x43F;&#x440;. &#x443;&#x447;&#x435;&#x431;. &#x437;&#x430;&#x432;&#x435;&#x434;&#x435;&#x43D;&#x438;&#x439;</subfield>
    <subfield code="n">&#x418;&#x441;&#x43A;&#x443;&#x441;&#x441;&#x442;&#x432;&#x43E;</subfield>
    <subfield code="o">&#x423;&#x442;&#x432;. &#x413;&#x423;&#x423;&#x417; &#x41A;&#x43E;&#x43C;-&#x442;&#x430; &#x43F;&#x43E; &#x434;&#x435;&#x43B;&#x430;&#x43C; &#x438;&#x441;&#x43A;&#x443;&#x441;&#x441;&#x442;&#x432; &#x43F;&#x440;&#x438; &#x421;&#x41D;&#x41A; &#x421;&#x421;&#x421;&#x420; : &#x412;&#x44B;&#x43F;. 1-</subfield>
    <subfield code="t">&#x423;&#x447;&#x435;&#x431;&#x43D;&#x44B;&#x435; &#x43F;&#x440;&#x43E;&#x433;&#x440;&#x430;&#x43C;&#x43C;&#x44B; &#x434;&#x43B;&#x44F; &#x43C;&#x443;&#x437;&#x44B;&#x43A;&#x430;&#x43B;&#x44C;&#x43D;&#x44B;&#x445; &#x443;&#x447;&#x438;&#x43B;&#x438;&#x449;</subfield>
    <subfield code="v">&#x412;&#x44B;&#x43F;. 2</subfield>
  </datafield>
  <datafield tag="606" ind1=" " ind2=" ">
    <subfield code="a">&#x41C;&#x443;&#x437;&#x44B;&#x43A;&#x430;&#x43B;&#x44C;&#x43D;&#x44B;&#x435; &#x443;&#x447;&#x438;&#x43B;&#x438;&#x449;&#x430;</subfield>
    <subfield code="x">&#x41E;&#x442;&#x434;&#x435;&#x43B;&#x435;&#x43D;&#x438;&#x44F; &#x441;&#x442;&#x440;&#x443;&#x43D;&#x43D;&#x44B;&#x445; &#x438;&#x43D;&#x441;&#x442;&#x440;&#x443;&#x43C;&#x435;&#x43D;&#x442;&#x43E;&#x432;</subfield>
    <subfield code="x">&#x41F;&#x440;&#x43E;&#x433;&#x440;&#x430;&#x43C;&#x43C;&#x44B; (&#x432;&#x44B;&#x43F;. 2)</subfield>
    <subfield code="2">psbo</subfield>
  </datafield>
  <datafield tag="702" ind1=" " ind2="1">
    <subfield code="a">&#x41A;&#x43E;&#x437;&#x43E;&#x43B;&#x443;&#x43F;&#x43E;&#x432;</subfield>
    <subfield code="b">&#x421;.&#x41C;.</subfield>
    <subfield code="4">570</subfield>
  </datafield>
  <datafield tag="702" ind1=" " ind2="1">
    <subfield code="a">&#x413;&#x435;&#x434;&#x438;&#x43A;&#x435;</subfield>
    <subfield code="b">&#x410;.&#x424;.</subfield>
    <subfield code="4">570</subfield>
  </datafield>
  <datafield tag="702" ind1=" " ind2="1">
    <subfield code="a">&#x41C;&#x43E;&#x441;&#x442;&#x440;&#x43E;&#x432;</subfield>
    <subfield code="b">&#x41A;.&#x413;.</subfield>
    <subfield code="g">&#x41A;&#x43E;&#x43D;&#x441;&#x442;&#x430;&#x43D;&#x442;&#x438;&#x43D; &#x413;&#x435;&#x43E;&#x440;&#x433;&#x438;&#x435;&#x432;&#x438;&#x447;</subfield>
    <subfield code="4">570</subfield>
  </datafield>
  <datafield tag="712" ind1="0" ind2="2">
    <subfield code="a">&#x41C;&#x43E;&#x441;&#x43A;&#x43E;&#x432;&#x441;&#x43A;&#x430;&#x44F; &#x43A;&#x43E;&#x43D;&#x441;&#x435;&#x440;&#x432;&#x430;&#x442;&#x43E;&#x440;&#x438;&#x44F;</subfield>
    <subfield code="3">RU\NLR\AUTH\883917</subfield>
    <subfield code="9">279173</subfield>
  </datafield>
  <datafield tag="801" ind1=" " ind2="0">
    <subfield code="a">RU</subfield>
    <subfield code="b">NLR</subfield>
    <subfield code="g">psbo</subfield>
  </datafield>
  <datafield tag="801" ind1=" " ind2="1">
    <subfield code="a">RU</subfield>
    <subfield code="b">ELAR</subfield>
    <subfield code="2">rusmarc</subfield>
  </datafield>
  <datafield tag="852" ind1=" " ind2=" ">
    <subfield code="a">NLR</subfield>
    <subfield code="j">&#x418;&#x441;80 &#x413;-4/38</subfield>
  </datafield>
  <datafield tag="942" ind1=" " ind2=" ">
    <subfield code="c">BOOK</subfield>
  </datafield>
  <datafield tag="980" ind1=" " ind2=" ">
    <subfield code="a">NB</subfield>
  </datafield>
  <datafield tag="995" ind1=" " ind2=" ">
    <subfield code="5">2013-10-26</subfield>
    <subfield code="b">NLR02</subfield>
    <subfield code="c">NLR02</subfield>
    <subfield code="e">RFS</subfield>
    <subfield code="f">8211220-10</subfield>
    <subfield code="k">&#x418;&#x441;80 &#x413;-4/38</subfield>
    <subfield code="o">0</subfield>
    <subfield code="r">BOOK</subfield>
    <subfield code="s">80_438</subfield>
  </datafield>
</record>
